Palmnicken und sein Bernstein

Titel: Palmnicken und sein Bernstein / Charlotte Bartsch
Verfasser:
Veröffentlicht: Bremerhaven : Truso-Verl., 1974
Umfang: 293 S. : Ill.
Format: Buch
Sprache: Deutsch
Schriftenreihe/
mehrbändiges Werk:
Ostdeutsche Landgemeinden und Kirchspiele ; 10
Schlagworte:
Kein Bild verfügbar
X
Lokale Klassifikation: 6 8 P 66 ; 6 16
alg: 7250393
001A    $03004:01-06-99 
001B    $01999:18-10-24 $t18:43:49.000 
001C    $00004:04-03-14 $t15:17:42.000 
001D    $09999:99-99-99 
001U    $0utf8 
001X    $00 
002@    $0Aau 
003@    $0072503939 
003O    $0614308356 $aOCoLC 
006G    $0750998660 
006U    $075,B21,0265 
007A    $0072503939 $aHEB 
007T    $0Herdhh072503939 
010@    $ager 
011@    $a1974 
013H    $0z 
021A    $aPalmnicken und sein Bernstein $hCharlotte Bartsch 
028A    $D20231015 $Ecgwrk $71023279657 $8Bartsch, Charlotte$Z1896-1981 [Tp1] $9302935290 
033A    $pBremerhaven $nTruso-Verl. 
034D    $a293 S. 
034M    $aIll. 
036E    $aOstdeutsche Landgemeinden und Kirchspiele $l10 
036F    $x210 $8Ostdeutsche Landgemeinden und Kirchspiele $905612046X $l10 
044K    $#Palmnicken $#Palmniki $#Palmininkai $#Yantarny $#Yantarnyy $#Palweniken $77550154-5 $8Jantarny [Tg1] $9182705390 
044K    $RFossile Harze $#Amber $#Ambre (résine fossile) $#Ambra $#Succinum $74005818-9 $8Bernstein [Ts1] $9085007498 
045E    $b14a $b15a 
045F    $a911.4382 $eDDC23BSB 
045F/01 $a911 
045F/03 $g4382 
045F/03 $g43832 

lok: 7250393 24
101B    $005-12-02 $t21:31:34.813 
101C    $001-06-99 
145Z/01 $a6 8 P 66 
145Z/02 $a6 16 
101U    $0utf8 

exp: 7250393 24 1 #EPN
201B/01 $013-12-02 $t17:23:37.173 
201C/01 $001-06-99 
203@/01 $013369416X 
208@/01 $a01-06-99 $br 
209A/01 $a6 VIII P 66 $du $f050 $h6 8 P 66 $x00 
209C/01 $aT 74.566 $h74 0566 T 
209G/01 $a70134403 $x00 
247C/01 $8358050-7 Marburg, Bibliothek des Herder-Instituts Marburg $9102600961 
201U/01 $0utf8 

lok: 7250393 78

exp: 7250393 78 1 #EPN
201B/01 $019-04-17 $t16:54:57.000 
201U/01 $0utf8 
203@/01 $0792808665 
208@/01 $a12-11-16 $be 
209A/01 $a/ $f000 $x00 
237A/01 $aweiterführende Signatur(en): Herder-Institut: 6 VIII P 66 
244Z/01 $2Trx $#Prusy Wschodnie i Zachodnie $8--Trx--Ost- und Westpreußen $x01 $939113373X 
244Z/01 $2Trx $8--Trx--Monographie $x02 $9391384546 
245Z/01 $a02 $x01 
247C/01 $82080>Marburg/Lahn, Herder-Institut, Forschungsbibliothek, Bibliographieportal $9336309341 

lok: 7250393 205

exp: 7250393 205 1 #EPN
201B/01 $004-03-14 $t15:17:42.000 
201C/01 $003-07-09 
201U/01 $0utf8 
203@/01 $0576899186 
208@/01 $a04-03-14 $bz 
209A/01 $a070 8 2014/04140 $du $f000 $x00 
209C/01 $a(424) 18 2009/0078 
209G/01 $a55355169 $x00 
247C/01 $8351000-1 <4>Marburg, Universität Marburg, Universitätsbibliothek $9102594767
LEADER 00000cam a2200000 c 4500
001 072503939
003 DE-603
005 20241018184349.0
007 tu
008 990601s1974 xx |||| | u00||u|ger
015 |a 75,B21,0265  |2 dnb 
016 7 |2 DE-101  |a 750998660 
035 |a (DE-599)HEB072503939 
035 |a (OCoLC)614308356 
040 |a DE-603  |b ger  |c DE-603  |d DE-603 
041 |a ger 
082 0 4 |8 1\u  |a 911.4382  |q DE-101  |2 23/BSB 
084 |a 14a  |a 15a  |q DE-101  |2 sdnb 
085 |8 1\u  |b 911 
085 |8 1\u  |z 2  |s 4382 
085 |8 1\u  |z 2  |s 43832 
100 1 |a Bartsch, Charlotte  |d 1896-1981  |0 (DE-603)302935290  |0 (DE-588)1023279657  |2 gnd 
245 0 0 |a Palmnicken und sein Bernstein  |c Charlotte Bartsch 
264 1 |a Bremerhaven  |b Truso-Verl.  |c 1974 
300 |a 293 S.  |b Ill. 
490 1 |a Ostdeutsche Landgemeinden und Kirchspiele  |v 10 
650 7 |a Bernstein  |0 (DE-588)4005818-9  |0 (DE-603)085007498  |2 gnd 
651 7 |a Jantarny  |0 (DE-588)7550154-5  |0 (DE-603)182705390  |2 gnd 
830 0 |t Ostdeutsche Landgemeinden und Kirchspiele  |v 10  |w (DE-603)05612046X  |w (DE-600)1167318-7  |9 210  |7 as 
924 0 |9 Mb 50  |a (DE-603)13369416X  |b DE-Mb50  |c HES  |d c  |g 6 VIII P 66 
924 0 |9 2080  |a (DE-603)792808665  |b DE-2080  |c HES  |d d  |g / 
924 0 |9 4  |a (DE-603)576899186  |b DE-4  |c HES  |d c  |g 070 8 2014/04140